000 00286nam a22001337a 4500
008 170713b xxu||||| |||| 00| 0 eng d
020 _a0155054112
041 _aeng
080 _a101
100 _a24
101 _aFIL
245 _aTHE BIG QUESTIONS
_cSOLOMON, R.C
942 _2udc
_cBK
999 _c20565
_d20565